<?xml version="1.0" encoding="UTF-8"?>
<marc:record xmlns:marc="http://www.loc.gov/MARC21/slim">
   <marc:leader>00000nam a2200000 a 4500</marc:leader>
   <marc:datafield ind1="1" ind2=" " tag="100">
      <marc:subfield code="a">Futscher, Christian</marc:subfield>
      <marc:subfield code="4">aut</marc:subfield>
      <marc:subfield code="e">Verfasser/-in</marc:subfield>
   </marc:datafield>
   <marc:datafield ind1="0" ind2="0" tag="245">
      <marc:subfield code="a">Gute Reise, Eierspeise!</marc:subfield>
   </marc:datafield>
   <marc:datafield ind1="0" ind2="0" tag="245">
      <marc:subfield code="c">Christian Futscher, Raffaela Schöbitz</marc:subfield>
   </marc:datafield>
   <marc:datafield ind1=" " ind2="1" tag="264">
      <marc:subfield code="a">Wien</marc:subfield>
      <marc:subfield code="b">Picus Verlag Wien</marc:subfield>
      <marc:subfield code="c">2020</marc:subfield>
   </marc:datafield>
   <marc:datafield ind1="1" ind2=" " tag="520">
      <marc:subfield code="a">Wie kommt es dazu, dass man nicht mehr alle Tassen im Schrank hat? Kann ein Sägefisch einen Tisch auseinandersägen? Wie geht es einem Lehrer, wenn er in eine Apfelbaum verwandelt wird?Christian Futschers köstliche Nonsens-Gedichte mit tieferem Sinn sind voll von Sprachspielerei, hinreißend und kongenial in Szene gesetzt von Raffaela Schöbitz. Freude für Alt und Jung, für Auge, Hirn und Gemüt: Ein Buch, das Fantasiewelten öffnet und zum Weiterspinnen anregt.</marc:subfield>
   </marc:datafield>
   <marc:datafield ind1=" " ind2=" " tag="020">
      <marc:subfield code="a">9783711740175</marc:subfield>
      <marc:subfield code="9">9783711740175</marc:subfield>
   </marc:datafield>
   <marc:datafield ind1=" " ind2=" " tag="020">
      <marc:subfield code="a">3711740170</marc:subfield>
      <marc:subfield code="9">3711740170</marc:subfield>
   </marc:datafield>
   <marc:datafield ind1=" " ind2=" " tag="300">
      <marc:subfield code="a">44 ungezählte Seiten</marc:subfield>
   </marc:datafield>
</marc:record>
